Environmental Studies (Record no. 2728)

MARC details
000 -LEADER
fixed length control field 00279nam a2200121Ia 4500
008 - FIXED-LENGTH DATA ELEMENTS--GENERAL INFORMATION
fixed length control field 191201s2005 xx 000 0 und d
100 ## - MAIN ENTRY--PERSONAL NAME
Personal name UBEROI, N K
245 #0 - TITLE STATEMENT
Title Environmental Studies
260 ## - PUBLICATION, DISTRIBUTION, ETC. (IMPRINT)
Place of publication, distribution, etc N.Delhi
Name of publisher, distributor, etc Excel Books
Date of publication, distribution, etc 2005
300 ## - PHYSICAL DESCRIPTION
Extent 206
650 ## - SUBJECT ADDED ENTRY--TOPICAL TERM
Topical term or geographic name as entry element MBA
942 ## - ADDED ENTRY ELEMENTS (KOHA)
Source of classification or shelving scheme Dewey Decimal Classification
Koha item type Text Books
Holdings
Withdrawn status Lost status Source of classification or shelving scheme Damaged status Not for loan Collection code Home library Current library Date acquired Source of acquisition Cost, normal purchase price Bill Number Total Checkouts Full call number Acc. no. / Barcode Date last seen Bill Date Koha item type Date last borrowed
    Dewey Decimal Classification     MBA PIET C-LIBRARY PIET C-LIBRARY 11/08/2007 J B C, New Delhi 100.00 695   333.7 UBE 5885 04/12/2019 27/07/2007 Text Books  
    Dewey Decimal Classification     MBA PIET C-LIBRARY PIET C-LIBRARY 11/08/2007 J B C, New Delhi 100.00 695   333.7 UBE 5886 04/12/2019 27/07/2007 Text Books  
    Dewey Decimal Classification     MBA PIET C-LIBRARY PIET C-LIBRARY 11/08/2007 J B C, New Delhi 100.00 695 4 333.7 UBE 5887 10/10/2024 27/07/2007 Text Books 03/10/2024
    Dewey Decimal Classification     MBA PIET C-LIBRARY PIET C-LIBRARY 11/08/2007 J B C, New Delhi 100.00 695 1 333.7 UBE 5888 05/02/2021 27/07/2007 Text Books 27/01/2021

Design & Developed by: PIET Central Library
R70 Miles Stone Pattikalyana Samalkha Panipat 132102
mail ID :- [email protected], Phone No:- 0180-2569700 Ex.216